| 000 | 00395cam a2200157ua 4500 | ||
|---|---|---|---|
| 003 | OSt | ||
| 008 | 240321b |||||||| |||| 00| 0 eng d | ||
| 041 | _aeng | ||
| 082 |
_a681.28 _bMIL/FL |
||
| 100 |
_aMiller, R.W . _96159 |
||
| 245 | _aFlow measurement engineering handbook / | ||
| 250 | _a2 / | ||
| 260 |
_aNew York : _bMcGraw Hill Book Company , _c1989. |
||
| 300 | _a951 ; . | ||
| 942 | _cBK | ||
| 999 |
_c5402 _d5402 |
||